| 000 | 00704nam a2200229 a 4500 | ||
|---|---|---|---|
| 999 |
_c1089 _d1089 |
||
| 001 | 1089 | ||
| 003 | BD-JhCC | ||
| 005 | 20171022130722.0 | ||
| 008 | 171014s2008 b ||||| |||| 00| 0 b d | ||
| 020 | _a9848684808 | ||
| 035 | _a(BD-JhCC)1089 | ||
| 040 |
_aBD-JhCC _dBD-JhCC |
||
| 041 | _aben | ||
| 082 |
_223 _a954.92 _bCHA 2008 |
||
| 100 | _aচৌধুরী, ইসলাম, সিরাজুল | ||
| 245 |
_a১৮৫৭ এবং তারপর / _cসিরাজুল ইসলাম চৌধুরী |
||
| 260 |
_aঢাকা : _bঅন্যপ্রকাশ, _c২০০৮ |
||
| 300 |
_a159 p. : _c22cm. |
||
| 650 |
_aHistory _xBangladesh |
||
| 942 |
_2ddc _cBK |
||